00621nam a2200181Ia 4500003000900000008004100009020001800050040001600068080001900084245013600103260003700239300001400276650004100290650002600331650002900357700002900386700002400415IN-BaIIA211028s9999 xx 000 0 eng d a0-8243-0934-0 cIIA Library a(05)52bANN-34 0aAnnual review of astronomy and astrophysicscedited by Geoffrey Burbidge and Allan Sandage  aCaliforniabAnnual Reviewsc1996 avi, 825p. aAstronomy and astrophysics thesaurus aAstronomy-Periodicals aAstrophysics-Periodicals aBurbidge, Geoffrey., ed. aSandage, Allan, ed.